-
Martín Arribas, Francisco,
Entrada Personal Name
Número de registros utilizados en: 1
003 - CONTROL NUMBER IDENTIFIER
005 - DATE AND TIME OF LATEST TRANSACTION
- control field:
20200730132747.0
008 - FIXED-LENGTH DATA ELEMENTS
- fixed length control field:
170114|| aca||aabn | a|a d
100 1# - HEADING--PERSONAL NAME
- Personal name:
Martín Arribas, Francisco,
- Relator term:
traductor
670 ## - SOURCE DATA FOUND
- Source citation:
Work cat.: (OSt)18395: Covey, Stephen R. 7175, Los 7 hábitos de la gente altamente efectiva :, 2014, 6ª reimp. 2016.